[Event "XLIV Memoriał Szachowy Ludwika Zamenhofa 2025, Grupa B"]
[Site "Bialystok, Poland"]
[Date "2025.12.30"]
[Round "8.14"]
[White "Zimny, Jakub"]
[Black "Kaminska, Zuzanna"]
[Result "1-0"]
[TimeControl "90'+30\""]
[WhiteElo "1941"]
[BlackElo "1873"]

1. e4 {[%clk 01:30:56]} {[%emt 00:00:04]} c5 {[%clk 01:27:50]} {[%emt
00:03:04]} 2. Nf3 {[%clk 01:31:09]} {[%emt 00:00:23]} d6 {[%clk 01:28:14]}
{[%emt 00:00:06]} 3. d4 {[%clk 01:31:30]} {[%emt 00:00:10]} cxd4 {[%clk
01:28:38]} {[%emt 00:00:05]} 4. Nxd4 {[%clk 01:31:54]} {[%emt 00:00:06]} Nf6
{[%clk 01:29:01]} {[%emt 00:00:07]} 5. Nc3 {[%clk 01:32:19]} {[%emt 00:00:05]}
a6 {[%clk 01:29:26]} {[%emt 00:00:06]} 6. Bg5 {[%clk 01:32:41]} {[%emt
00:00:07]} e6 {[%clk 01:29:41]} {[%emt 00:00:15]} 7. f4 {[%clk 01:33:06]}
{[%emt 00:00:05]} Be7 {[%clk 01:29:44]} {[%emt 00:00:27]} 8. Qf3 {[%clk
01:33:29]} {[%emt 00:00:07]} Qc7 {[%clk 01:29:16]} {[%emt 00:00:58]} 9. O-O-O
{[%clk 01:33:49]} {[%emt 00:00:10]} Nbd7 {[%clk 01:29:19]} {[%emt 00:00:28]} 10.
g4 {[%clk 01:34:09]} {[%emt 00:00:09]} h6 {[%clk 01:29:36]} {[%emt 00:00:14]}
11. Bxf6 {[%clk 01:34:31]} {[%emt 00:00:07]} Bxf6 {[%clk 01:29:39]} {[%emt
00:00:28]} 12. h4 {[%clk 01:34:49]} {[%emt 00:00:11]} Nb6 {[%clk 01:27:33]}
{[%emt 00:02:36]} 13. g5 {[%clk 01:35:05]} {[%emt 00:00:14]} Bxd4 {[%clk
01:27:32]} {[%emt 00:00:31]} 14. Rxd4 {[%clk 01:35:26]} {[%emt 00:00:09]} Qc5
{[%clk 01:27:11]} {[%emt 00:00:52]} 15. Qd3 {[%clk 01:35:37]} {[%emt 00:00:18]}
hxg5 {[%clk 01:19:30]} {[%emt 00:08:11]} 16. b4 {[%clk 01:35:49]} {[%emt
00:00:18]} Qc7 {[%clk 01:14:54]} {[%emt 00:05:04]} 17. fxg5 {[%clk 01:36:11]}
{[%emt 00:00:10]} Ke7 {[%clk 01:07:29]} {[%emt 00:07:55]} 18. Qf3 {[%clk
01:36:13]} {[%emt 00:00:29]} Bd7 {[%clk 01:06:17]} {[%emt 00:01:42]} 19. h5
{[%clk 01:35:21]} {[%emt 00:01:22]} Rac8 {[%clk 01:03:36]} {[%emt 00:03:11]} 20.
Rh3 {[%clk 01:34:39]} {[%emt 00:01:11]} Na4 {[%clk 00:59:38]} {[%emt 00:04:28]}
21. g6 {[%clk 01:34:02]} {[%emt 00:01:08]} f6 {[%clk 00:51:39]} {[%emt
00:08:28]} 22. Rc4 {[%clk 01:21:14]} {[%emt 00:13:19]} Qb6 {[%clk 00:48:51]}
{[%emt 00:03:15]} 23. Nxa4 {[%clk 01:18:38]} {[%emt 00:03:09]} Bxa4 {[%clk
00:48:30]} {[%emt 00:00:50]} 24. Qh1 {[%clk 01:01:00]} {[%emt 00:18:08]} Qf2
{[%clk 00:27:44]} {[%emt 00:21:16]} 25. Rcc3 {[%clk 00:41:08]} {[%emt
00:20:23]} Rxc3 {[%clk 00:01:32]} {[%emt 00:26:42]} 26. Rxc3 {[%clk 00:41:06]}
{[%emt 00:00:31]} Qe1+ {[%clk 00:00:41]} {[%emt 00:01:22]} 27. Kb2 {[%clk
00:41:33]} {[%emt 00:00:03]} Rc8 {[%clk 00:00:47]} {[%emt 00:00:24]} 28. Rxc8
{[%clk 00:28:48]} {[%emt 00:13:15]} 1-0

[Event "XLIV Memoriał Szachowy Ludwika Zamenhofa 2025, Grupa B"]
[Site "Bialystok, Poland"]
[Date "2025.12.30"]
[Round "8.15"]
[White "Kaminski, Jan"]
[Black "Sucharski, Jakub"]
[Result "1/2-1/2"]
[TimeControl "90'+30\""]
[WhiteElo "1922"]
[BlackElo "1871"]

1. c4 {[%clk 01:30:50]} {[%emt 00:00:09]} e5 {[%clk 01:19:45]} {[%emt
00:11:16]} 2. g3 {[%clk 01:30:59]} {[%emt 00:00:20]} Nc6 {[%clk 01:19:40]}
{[%emt 00:00:36]} 3. Bg2 {[%clk 01:31:15]} {[%emt 00:00:14]} f5 {[%clk
01:18:41]} {[%emt 00:01:29]} 4. Nc3 {[%clk 01:30:51]} {[%emt 00:00:53]} Nf6
{[%clk 01:18:39]} {[%emt 00:00:33]} 5. e3 {[%clk 01:30:06]} {[%emt 00:01:14]}
Bb4 {[%clk 01:18:12]} {[%emt 00:00:57]} 6. Nge2 {[%clk 01:30:23]} {[%emt
00:00:13]} O-O {[%clk 01:17:56]} {[%emt 00:00:46]} 7. Nd5 {[%clk 01:29:46]}
{[%emt 00:01:06]} Nxd5 {[%clk 01:07:49]} {[%emt 00:10:38]} 8. Bxd5+ {[%clk
01:28:28]} {[%emt 00:01:48]} Kh8 {[%clk 01:08:12]} {[%emt 00:00:08]} 9. a3
{[%clk 01:28:36]} {[%emt 00:00:22]} Be7 {[%clk 01:08:30]} {[%emt 00:00:12]} 10.
d3 {[%clk 01:25:21]} {[%emt 00:03:44]} Bf6 {[%clk 01:07:08]} {[%emt 00:01:52]}
11. O-O {[%clk 01:23:56]} {[%emt 00:01:54]} Ne7 {[%clk 01:06:21]} {[%emt
00:01:18]} 12. Bg2 {[%clk 01:24:17]} {[%emt 00:00:10]} d5 {[%clk 01:04:38]}
{[%emt 00:02:13]} 13. cxd5 {[%clk 01:22:36]} {[%emt 00:02:11]} Nxd5 {[%clk
01:04:56]} {[%emt 00:00:12]} 14. d4 {[%clk 01:19:07]} {[%emt 00:03:59]} e4
{[%clk 01:01:31]} {[%emt 00:03:54]} 15. Nc3 {[%clk 01:17:11]} {[%emt 00:02:25]}
c6 {[%clk 01:00:59]} {[%emt 00:01:03]} 16. Bd2 {[%clk 01:15:29]} {[%emt
00:02:12]} Be6 {[%clk 00:59:25]} {[%emt 00:02:05]} 17. Rc1 {[%clk 01:14:08]}
{[%emt 00:01:50]} Rc8 {[%clk 00:57:05]} {[%emt 00:02:51]} 18. Na4 {[%clk
01:13:22]} {[%emt 00:01:16]} Bf7 {[%clk 00:55:40]} {[%emt 00:01:55]} 19. f3
{[%clk 01:12:11]} {[%emt 00:01:41]} Bg5 {[%clk 00:53:57]} {[%emt 00:02:13]} 20.
f4 {[%clk 01:08:17]} {[%emt 00:04:23]} Be7 {[%clk 00:52:29]} {[%emt 00:01:59]}
21. g4 {[%clk 01:06:28]} {[%emt 00:02:19]} g6 {[%clk 00:47:16]} {[%emt
00:05:42]} 22. Kh1 {[%clk 01:06:21]} {[%emt 00:00:37]} b6 {[%clk 00:42:22]}
{[%emt 00:05:25]} 23. Rg1 {[%clk 01:03:57]} {[%emt 00:02:54]} Rg8 {[%clk
00:41:42]} {[%emt 00:01:10]} 24. Bf1 {[%clk 00:59:42]} {[%emt 00:04:45]} Qd7
{[%clk 00:41:14]} {[%emt 00:00:58]} 25. Be2 {[%clk 00:58:00]} {[%emt 00:02:10]}
Be6 {[%clk 00:38:34]} {[%emt 00:03:11]} 26. g5 {[%clk 00:45:03]} {[%emt
00:13:27]} Rgd8 {[%clk 00:38:04]} {[%emt 00:01:00]} 27. Qf1 {[%clk 00:44:05]}
{[%emt 00:01:28]} Kg7 {[%clk 00:36:30]} {[%emt 00:02:04]} 28. Rg3 {[%clk
00:34:40]} {[%emt 00:09:54]} Kg8 {[%clk 00:33:33]} {[%emt 00:03:28]} 29. Kg2
{[%clk 00:29:21]} {[%emt 00:05:49]} c5 {[%clk 00:26:43]} {[%emt 00:07:21]} 30.
Bb5 {[%clk 00:29:40]} {[%emt 00:00:10]} 1/2-1/2

[Event "XLIV Memoriał Szachowy Ludwika Zamenhofa 2025, Grupa B"]
[Site "Bialystok, Poland"]
[Date "2025.12.30"]
[Round "8.16"]
[White "Slabicki, Andrzej"]
[Black "Krzyzosiak, Marta"]
[Result "0-1"]
[TimeControl "90'+30\""]
[WhiteElo "1892"]
[BlackElo "1793"]

1. e4 {[%clk 01:30:56]} {[%emt 00:00:03]} c5 {[%clk 01:30:51]} {[%emt
00:00:10]} 2. f4 {[%clk 01:31:17]} {[%emt 00:00:08]} d5 {[%clk 01:30:48]}
{[%emt 00:00:32]} 3. exd5 {[%clk 01:31:26]} {[%emt 00:00:22]} Qxd5 {[%clk
01:31:06]} {[%emt 00:00:12]} 4. d3 {[%clk 01:31:05]} {[%emt 00:00:51]} Nf6
{[%clk 01:28:22]} {[%emt 00:03:14]} 5. Nc3 {[%clk 01:30:54]} {[%emt 00:00:41]}
Qd8 {[%clk 01:27:44]} {[%emt 00:01:08]} 6. Nf3 {[%clk 01:30:47]} {[%emt
00:00:37]} g6 {[%clk 01:24:28]} {[%emt 00:03:47]} 7. Be3 {[%clk 01:28:15]}
{[%emt 00:03:00]} Nbd7 {[%clk 01:18:54]} {[%emt 00:06:06]} 8. Qd2 {[%clk
01:22:07]} {[%emt 00:06:38]} Bg7 {[%clk 01:18:41]} {[%emt 00:00:43]} 9. O-O-O
{[%clk 01:18:29]} {[%emt 00:04:08]} O-O {[%clk 01:10:54]} {[%emt 00:08:17]} 10.
h3 {[%clk 01:17:01]} {[%emt 00:01:57]} Qa5 {[%clk 01:04:53]} {[%emt 00:06:30]}
11. g4 {[%clk 01:15:24]} {[%emt 00:02:07]} b5 {[%clk 01:02:09]} {[%emt
00:03:15]} 12. g5 {[%clk 01:09:23]} {[%emt 00:06:30]} Nh5 {[%clk 00:54:14]}
{[%emt 00:08:26]} 13. Bg2 {[%clk 01:04:51]} {[%emt 00:05:02]} b4 {[%clk
00:49:29]} {[%emt 00:05:16]} 14. Nb1 {[%clk 01:04:50]} {[%emt 00:00:30]} Qxa2
{[%clk 00:48:59]} {[%emt 00:01:00]} 15. d4 {[%clk 01:04:23]} {[%emt 00:00:57]}
Rb8 {[%clk 00:47:08]} {[%emt 00:02:21]} 16. Ne5 {[%clk 01:02:06]} {[%emt
00:02:47]} Nxe5 {[%clk 00:38:48]} {[%emt 00:08:50]} 17. dxe5 {[%clk 01:01:43]}
{[%emt 00:00:53]} c4 {[%clk 00:38:55]} {[%emt 00:00:23]} 18. Qd4 {[%clk
00:42:29]} {[%emt 00:19:43]} c3 {[%clk 00:23:38]} {[%emt 00:15:49]} 19. bxc3
{[%clk 00:42:35]} {[%emt 00:00:24]} Bf5 {[%clk 00:24:01]} {[%emt 00:00:06]} 20.
Be4 {[%clk 00:34:54]} {[%emt 00:08:11]} bxc3 {[%clk 00:21:40]} {[%emt
00:02:52]} 21. Nxc3 {[%clk 00:34:51]} {[%emt 00:00:33]} Qb2+ {[%clk 00:21:56]}
{[%emt 00:00:13]} 22. Kd2 {[%clk 00:35:15]} {[%emt 00:00:07]} Rfd8 {[%clk
00:21:52]} {[%emt 00:00:33]} 23. Bxf5 {[%clk 00:22:39]} {[%emt 00:13:05]} Rxd4+
{[%clk 00:21:01]} {[%emt 00:01:22]} 24. Bxd4 {[%clk 00:23:03]} {[%emt
00:00:06]} Rd8 {[%clk 00:21:00]} {[%emt 00:00:31]} 25. Ke3 {[%clk 00:22:23]}
{[%emt 00:01:10]} gxf5 {[%clk 00:20:23]} {[%emt 00:01:08]} 26. Nd5 {[%clk
00:22:20]} {[%emt 00:00:31]} Qxc2 {[%clk 00:18:33]} {[%emt 00:02:22]} 0-1

[Event "XLIV Memoriał Szachowy Ludwika Zamenhofa 2025, Grupa B"]
[Site "Bialystok, Poland"]
[Date "2025.12.30"]
[Round "8.17"]
[White "Czachurski, Ignacy"]
[Black "Zalewski, Witold"]
[Result "0-1"]
[TimeControl "90'+30\""]
[WhiteElo "1890"]
[BlackElo "1834"]

1. e4 {[%clk 01:29:12]} {[%emt 00:01:47]} c5 {[%clk 01:30:53]} {[%emt
00:00:08]} 2. Nf3 {[%clk 01:29:37]} {[%emt 00:00:05]} d6 {[%clk 01:30:14]}
{[%emt 00:01:08]} 3. Bb5+ {[%clk 01:29:42]} {[%emt 00:00:25]} Nd7 {[%clk
01:29:24]} {[%emt 00:01:20]} 4. a4 {[%clk 01:29:44]} {[%emt 00:00:28]} a6
{[%clk 01:29:39]} {[%emt 00:00:16]} 5. Be2 {[%clk 01:29:45]} {[%emt 00:00:28]}
Ngf6 {[%clk 01:29:44]} {[%emt 00:00:25]} 6. Nc3 {[%clk 01:29:24]} {[%emt
00:00:51]} b6 {[%clk 01:29:53]} {[%emt 00:00:22]} 7. d4 {[%clk 01:28:53]}
{[%emt 00:00:59]} cxd4 {[%clk 01:30:18]} {[%emt 00:00:06]} 8. Qxd4 {[%clk
01:29:15]} {[%emt 00:00:08]} Bb7 {[%clk 01:30:37]} {[%emt 00:00:12]} 9. O-O
{[%clk 01:23:46]} {[%emt 00:05:57]} e6 {[%clk 01:30:27]} {[%emt 00:00:41]} 10.
Nd2 {[%clk 01:16:39]} {[%emt 00:07:36]} d5 {[%clk 01:02:46]} {[%emt 00:28:11]}
11. exd5 {[%clk 01:07:38]} {[%emt 00:09:32]} Bc5 {[%clk 01:00:18]} {[%emt
00:02:59]} 12. Qh4 {[%clk 01:05:50]} {[%emt 00:02:16]} Nxd5 {[%clk 00:57:17]}
{[%emt 00:03:32]} 13. Qxd8+ {[%clk 01:05:07]} {[%emt 00:01:13]} Rxd8 {[%clk
00:57:30]} {[%emt 00:00:18]} 14. Nxd5 {[%clk 01:05:15]} {[%emt 00:00:22]} exd5
{[%clk 00:56:40]} {[%emt 00:01:19]} 15. Nb3 {[%clk 01:01:08]} {[%emt 00:04:37]}
O-O {[%clk 00:52:08]} {[%emt 00:05:02]} 16. Nxc5 {[%clk 00:59:38]} {[%emt
00:02:01]} bxc5 {[%clk 00:51:18]} {[%emt 00:01:20]} 17. Bf4 {[%clk 00:53:09]}
{[%emt 00:06:59]} Rfe8 {[%clk 00:25:15]} {[%emt 00:26:33]} 18. Rfe1 {[%clk
00:49:13]} {[%emt 00:04:25]} f6 {[%clk 00:25:09]} {[%emt 00:00:36]} 19. Bd2
{[%clk 00:36:27]} {[%emt 00:13:14]} Ne5 {[%clk 00:23:23]} {[%emt 00:02:18]} 20.
b3 {[%clk 00:30:44]} {[%emt 00:06:14]} Kf7 {[%clk 00:22:22]} {[%emt 00:01:31]}
21. f4 {[%clk 00:26:19]} {[%emt 00:04:54]} Nc6 {[%clk 00:21:47]} {[%emt
00:01:05]} 22. Bd3 {[%clk 00:24:45]} {[%emt 00:02:05]} g6 {[%clk 00:21:39]}
{[%emt 00:00:38]} 23. c4 {[%clk 00:23:38]} {[%emt 00:01:37]} d4 {[%clk
00:20:12]} {[%emt 00:01:56]} 24. Be4 {[%clk 00:23:29]} {[%emt 00:00:39]} f5
{[%clk 00:05:08]} {[%emt 00:15:35]} 25. Bf3 {[%clk 00:22:29]} {[%emt 00:01:27]}
Rb8 {[%clk 00:03:35]} {[%emt 00:02:05]} 26. g4 {[%clk 00:21:46]} {[%emt
00:01:12]} Ne7 {[%clk 00:03:25]} {[%emt 00:00:41]} 27. Bxb7 {[%clk 00:20:54]}
{[%emt 00:01:22]} Rxb7 {[%clk 00:03:54]} {[%emt 00:00:02]} 28. gxf5 {[%clk
00:20:00]} {[%emt 00:01:23]} Nxf5 {[%clk 00:04:18]} {[%emt 00:00:06]} 29. Rab1
{[%clk 00:18:09]} {[%emt 00:02:21]} Rxe1+ {[%clk 00:04:20]} {[%emt 00:00:29]}
30. Bxe1 {[%clk 00:18:25]} {[%emt 00:00:13]} Ne3 {[%clk 00:03:02]} {[%emt
00:01:49]} 31. b4 {[%clk 00:15:55]} {[%emt 00:03:00]} cxb4 {[%clk 00:02:56]}
{[%emt 00:00:36]} 32. c5 {[%clk 00:14:46]} {[%emt 00:01:39]} a5 {[%clk
00:02:41]} {[%emt 00:00:45]} 33. Kf2 {[%clk 00:13:22]} {[%emt 00:01:53]} Ke6
{[%clk 00:02:47]} {[%emt 00:00:24]} 34. Ke2 {[%clk 00:12:42]} {[%emt 00:01:09]}
Kd5 {[%clk 00:02:27]} {[%emt 00:00:51]} 35. Rc1 {[%clk 00:12:28]} {[%emt
00:00:44]} Rc7 {[%clk 00:02:18]} {[%emt 00:00:39]} 36. Kd3 {[%clk 00:10:35]}
{[%emt 00:02:22]} Rxc5 {[%clk 00:02:40]} {[%emt 00:00:09]} 37. Rb1 {[%clk
00:10:46]} {[%emt 00:00:18]} Rc2 {[%clk 00:02:04]} {[%emt 00:01:07]} 38. Bd2
{[%clk 00:10:23]} {[%emt 00:00:53]} Ra2 {[%clk 00:02:03]} {[%emt 00:00:31]} 39.
Bxe3 {[%clk 00:10:11]} {[%emt 00:00:42]} Ra3+ {[%clk 00:02:00]} {[%emt
00:00:33]} 40. Kc2 {[%clk 00:10:24]} {[%emt 00:00:15]} dxe3 {[%clk 00:02:04]}
{[%emt 00:00:29]} 41. h4 {[%clk 00:10:33]} {[%emt 00:00:20]} Ke4 {[%clk
00:02:22]} {[%emt 00:00:12]} 42. h5 {[%clk 00:10:48]} {[%emt 00:00:15]} gxh5
{[%clk 00:02:22]} {[%emt 00:00:29]} 43. f5 {[%clk 00:11:04]} {[%emt 00:00:15]}
Kxf5 {[%clk 00:02:42]} {[%emt 00:00:10]} 44. Kd1 {[%clk 00:11:19]} {[%emt
00:00:14]} Ke4 {[%clk 00:03:01]} {[%emt 00:00:12]} 45. Rc1 {[%clk 00:11:37]}
{[%emt 00:00:11]} Rc3 {[%clk 00:02:46]} {[%emt 00:00:46]} 46. Ke2 {[%clk
00:11:45]} {[%emt 00:00:22]} h4 {[%clk 00:02:34]} {[%emt 00:00:42]} 47. Rh1
{[%clk 00:11:56]} {[%emt 00:00:17]} Rc2+ {[%clk 00:02:41]} {[%emt 00:00:24]} 48.
Kd1 {[%clk 00:12:04]} {[%emt 00:00:23]} Kd3 {[%clk 00:02:38]} {[%emt 00:00:34]}
49. Rxh4 {[%clk 00:11:52]} {[%emt 00:00:41]} e2+ {[%clk 00:02:54]} {[%emt
00:00:14]} 50. Ke1 {[%clk 00:12:16]} {[%emt 00:00:06]} Rc1+ {[%clk 00:03:19]}
{[%emt 00:00:05]} 51. Kf2 {[%clk 00:12:41]} {[%emt 00:00:05]} e1=Q+ {[%clk
00:03:46]} {[%emt 00:00:03]} 52. Kf3 {[%clk 00:13:02]} {[%emt 00:00:09]} Qxh4
{[%clk 00:03:18]} {[%emt 00:00:57]} 53. Kg2 {[%clk 00:13:24]} {[%emt 00:00:09]}
Rc2+ {[%clk 00:03:43]} {[%emt 00:00:05]} 54. Kg1 {[%clk 00:13:44]} {[%emt
00:00:09]} Qe1# {[%emt 00:00:15]} 0-1

[Event "XLIV Memoriał Szachowy Ludwika Zamenhofa 2025, Grupa B"]
[Site "Bialystok, Poland"]
[Date "2025.12.30"]
[Round "8.18"]
[White "Czarnowicz, Michal"]
[Black "Fudala, Dominik"]
[Result "1-0"]
[TimeControl "90'+30\""]
[WhiteElo "1827"]
[BlackElo "1877"]

1. d4 {[%clk 01:30:58]} {[%emt 00:00:01]} d5 {[%clk 01:28:37]} {[%emt
00:02:23]} 2. c4 {[%clk 01:31:18]} {[%emt 00:00:10]} c6 {[%clk 01:28:52]}
{[%emt 00:00:15]} 3. Nc3 {[%clk 01:31:39]} {[%emt 00:00:10]} Nf6 {[%clk
01:29:12]} {[%emt 00:00:10]} 4. Nf3 {[%clk 01:32:02]} {[%emt 00:00:07]} dxc4
{[%clk 01:29:31]} {[%emt 00:00:11]} 5. a4 {[%clk 01:32:19]} {[%emt 00:00:13]}
Bf5 {[%clk 01:29:53]} {[%emt 00:00:07]} 6. Ne5 {[%clk 01:32:18]} {[%emt
00:00:32]} Nbd7 {[%clk 01:30:08]} {[%emt 00:00:15]} 7. Nxc4 {[%clk 01:32:29]}
{[%emt 00:00:18]} Qc7 {[%clk 01:30:29]} {[%emt 00:00:10]} 8. g3 {[%clk
01:29:44]} {[%emt 00:03:15]} e5 {[%clk 01:29:50]} {[%emt 00:01:08]} 9. dxe5
{[%clk 01:28:21]} {[%emt 00:01:54]} Nxe5 {[%clk 01:30:09]} {[%emt 00:00:11]} 10.
Bf4 {[%clk 01:23:58]} {[%emt 00:04:53]} Nfd7 {[%clk 01:29:02]} {[%emt
00:01:37]} 11. Bg2 {[%clk 01:18:53]} {[%emt 00:05:35]} g5 {[%clk 01:28:32]}
{[%emt 00:01:00]} 12. Nxe5 {[%clk 01:16:07]} {[%emt 00:03:15]} gxf4 {[%clk
01:28:25]} {[%emt 00:00:36]} 13. Nxd7 {[%clk 01:11:15]} {[%emt 00:05:24]} Qxd7
{[%clk 01:28:33]} {[%emt 00:00:22]} 14. Qxd7+ {[%clk 01:11:37]} {[%emt
00:00:07]} Bxd7 {[%clk 01:28:52]} {[%emt 00:00:12]} 15. gxf4 {[%clk 01:11:33]}
{[%emt 00:00:33]} O-O-O {[%clk 01:25:05]} {[%emt 00:04:17]} 16. O-O-O {[%clk
01:09:27]} {[%emt 00:02:36]} Bh6 {[%clk 01:09:02]} {[%emt 00:16:32]} 17. e3
{[%clk 01:07:23]} {[%emt 00:02:35]} Be6 {[%clk 01:06:52]} {[%emt 00:02:41]} 18.
Be4 {[%clk 01:04:29]} {[%emt 00:03:24]} Bb3 {[%clk 00:57:33]} {[%emt 00:09:48]}
19. Rxd8+ {[%clk 01:01:12]} {[%emt 00:03:47]} Kxd8 {[%clk 00:57:48]} {[%emt
00:00:15]} 20. Rg1 {[%clk 01:01:19]} {[%emt 00:00:24]} Bf8 {[%clk 00:54:22]}
{[%emt 00:03:55]} 21. Bc2 {[%clk 00:59:52]} {[%emt 00:01:57]} Be6 {[%clk
00:51:01]} {[%emt 00:03:52]} 22. Ne4 {[%clk 00:56:16]} {[%emt 00:04:06]} h6
{[%clk 00:49:17]} {[%emt 00:02:14]} 23. Nd2 {[%clk 00:54:35]} {[%emt 00:02:09]}
Bb4 {[%clk 00:42:44]} {[%emt 00:07:04]} 24. Nf3 {[%clk 00:53:26]} {[%emt
00:01:39]} Ke7 {[%clk 00:40:01]} {[%emt 00:03:13]} 25. Ne5 {[%clk 00:51:51]}
{[%emt 00:02:04]} Kf6 {[%clk 00:21:53]} {[%emt 00:18:39]} 26. Bd3 {[%clk
00:44:21]} {[%emt 00:08:00]} Bb3 {[%clk 00:10:21]} {[%emt 00:12:03]} 27. Bc4
{[%clk 00:43:41]} {[%emt 00:01:09]} Bxc4 {[%clk 00:09:18]} {[%emt 00:01:33]} 28.
Nxc4 {[%clk 00:44:08]} {[%emt 00:00:02]} b5 {[%clk 00:09:37]} {[%emt 00:00:11]}
29. axb5 {[%clk 00:43:07]} {[%emt 00:01:32]} cxb5 {[%clk 00:10:06]} {[%emt
00:00:01]} 30. Ne5 {[%clk 00:43:23]} {[%emt 00:00:14]} Rc8+ {[%clk 00:08:55]}
{[%emt 00:01:40]} 31. Kb1 {[%clk 00:43:32]} {[%emt 00:00:22]} Bd6 {[%clk
00:04:31]} {[%emt 00:04:53]} 32. Ng4+ {[%clk 00:41:55]} {[%emt 00:02:08]} Ke6
{[%clk 00:02:44]} {[%emt 00:02:17]} 33. Nxh6 {[%clk 00:34:19]} {[%emt
00:08:06]} Rh8 {[%emt 00:00:25]} 34. f5+ {[%clk 00:34:34]} {[%emt 00:00:06]}
Kf6 {[%clk 00:02:52]} {[%emt 00:00:36]} 35. Rd1 {[%clk 00:33:40]} {[%emt
00:01:24]} Bxh2 {[%clk 00:01:05]} {[%emt 00:02:18]} 36. Ng4+ {[%clk 00:33:32]}
{[%emt 00:00:37]} Kxf5 {[%clk 00:01:33]} {[%emt 00:00:02]} 37. f3 {[%clk
00:33:49]} {[%emt 00:00:13]} Bc7 {[%clk 00:00:42]} {[%emt 00:01:15]} 38. Rd7
{[%clk 00:33:30]} {[%emt 00:00:56]} Bb6 {[%clk 00:00:55]} {[%emt 00:00:17]} 39.
Rxf7+ {[%clk 00:33:45]} {[%emt 00:00:13]} Kg5 {[%clk 00:00:56]} {[%emt
00:00:30]} 40. e4 {[%clk 00:33:28]} {[%emt 00:00:47]} Bd4 {[%clk 00:00:33]}
{[%emt 00:00:54]} 41. Rf5+ {[%clk 00:33:41]} {[%emt 00:00:16]} Kh4 {[%clk
00:00:50]} {[%emt 00:00:12]} 42. Rxb5 {[%clk 00:34:00]} {[%emt 00:00:13]} Kg3
{[%clk 00:01:10]} {[%emt 00:00:09]} 43. Rb3 {[%clk 00:33:37]} {[%emt 00:00:53]}
Rf8 {[%clk 00:00:44]} {[%emt 00:00:56]} 44. Nh6 {[%clk 00:33:08]} {[%emt
00:00:59]} Kf4 {[%clk 00:00:32]} {[%emt 00:00:42]} 45. Nf5 {[%clk 00:33:17]}
{[%emt 00:00:21]} Bb6 {[%clk 00:00:32]} {[%emt 00:00:30]} 46. Ne7 {[%clk
00:33:01]} {[%emt 00:00:45]} Bg1 {[%clk 00:00:32]} {[%emt 00:00:31]} 47. Nd5+
{[%clk 00:33:09]} {[%emt 00:00:22]} Ke5 {[%clk 00:00:47]} {[%emt 00:00:15]} 48.
Kc2 {[%clk 00:33:30]} {[%emt 00:00:08]} a5 {[%clk 00:00:46]} {[%emt 00:00:32]}
49. Ra3 {[%clk 00:33:08]} {[%emt 00:00:52]} a4 {[%clk 00:00:56]} {[%emt
00:00:20]} 50. Kd2 {[%clk 00:31:16]} {[%emt 00:02:22]} Bc5 {[%clk 00:01:00]}
{[%emt 00:00:26]} 51. Rxa4 {[%clk 00:20:50]} {[%emt 00:10:57]} Rxf3 {[%clk
00:01:17]} {[%emt 00:00:13]} 52. Nc3 {[%clk 00:21:13]} {[%emt 00:00:06]} Rf2+
{[%clk 00:00:48]} {[%emt 00:00:59]} 53. Ne2 {[%clk 00:21:35]} {[%emt 00:00:08]}
Rh2 {[%clk 00:00:32]} {[%emt 00:00:47]} 54. Ra5 {[%clk 00:20:53]} {[%emt
00:01:12]} Kd6 {[%clk 00:00:54]} {[%emt 00:00:08]} 55. Kd3 {[%clk 00:20:58]}
{[%emt 00:00:24]} Kc6 {[%clk 00:00:41]} {[%emt 00:00:43]} 56. Ra8 {[%clk
00:20:08]} {[%emt 00:01:19]} Bd6 {[%clk 00:00:40]} {[%emt 00:00:32]} 57. Ra4
{[%clk 00:17:38]} {[%emt 00:02:59]} Be5 {[%clk 00:00:36]} {[%emt 00:00:35]} 58.
b4 {[%clk 00:16:57]} {[%emt 00:01:11]} Rh3+ {[%clk 00:00:56]} {[%emt 00:00:11]}
59. Kc4 {[%clk 00:17:15]} {[%emt 00:00:11]} Re3 {[%clk 00:00:33]} {[%emt
00:00:54]} 60. Nd4+ {[%clk 00:17:20]} {[%emt 00:00:25]} Bxd4 {[%clk 00:00:31]}
{[%emt 00:00:32]} 61. Kxd4 {[%clk 00:17:47]} {[%emt 00:00:01]} Re1 {[%clk
00:00:52]} {[%emt 00:00:10]} 62. Ke5 {[%clk 00:17:38]} {[%emt 00:00:39]} Kb5
{[%clk 00:01:10]} {[%emt 00:00:13]} 63. Ra8 {[%clk 00:17:54]} {[%emt 00:00:13]}
Kxb4 {[%clk 00:01:32]} {[%emt 00:00:08]} 64. Rc8 {[%clk 00:18:16]} {[%emt
00:00:07]} Kb5 {[%clk 00:01:57]} {[%emt 00:00:06]} 65. Kd5 {[%clk 00:18:38]}
{[%emt 00:00:07]} Kb6 {[%clk 00:02:10]} {[%emt 00:00:18]} 66. e5 {[%clk
00:18:57]} {[%emt 00:00:11]} Kb7 {[%clk 00:02:29]} {[%emt 00:00:12]} 67. Rc2
{[%clk 00:19:20]} {[%emt 00:00:06]} Rd1+ {[%clk 00:02:39]} {[%emt 00:00:20]} 68.
Ke6 {[%clk 00:19:44]} {[%emt 00:00:06]} Re1 {[%clk 00:03:04]} {[%emt 00:00:06]}
69. Kd6 {[%clk 00:20:07]} {[%emt 00:00:07]} Re3 {[%clk 00:03:25]} {[%emt
00:00:08]} 70. e6 {[%clk 00:20:28]} {[%emt 00:00:09]} Re1 {[%clk 00:03:49]}
{[%emt 00:00:06]} 71. Kd7 {[%clk 00:20:51]} {[%emt 00:00:07]} Rd1 {[%clk
00:04:11]} {[%emt 00:00:08]} 72. Ke8 {[%clk 00:21:14]} {[%emt 00:00:07]} Rf1
{[%clk 00:04:23]} {[%emt 00:00:17]} 73. e7 {[%clk 00:21:38]} {[%emt 00:00:06]}
Rf4 {[%clk 00:04:35]} {[%emt 00:00:19]} 74. Rc3 {[%clk 00:21:49]} {[%emt
00:00:18]} Rf1 {[%clk 00:04:43]} {[%emt 00:00:23]} 75. Rc4 {[%clk 00:22:09]}
{[%emt 00:00:11]} Kb6 {[%clk 00:04:36]} {[%emt 00:00:37]} 76. Kd7 {[%clk
00:22:32]} {[%emt 00:00:06]} Rd1+ {[%clk 00:05:00]} {[%emt 00:00:07]} 77. Ke6
{[%clk 00:22:54]} {[%emt 00:00:06]} Kb5 {[%clk 00:04:42]} {[%emt 00:00:49]} 78.
Re4 {[%clk 00:23:15]} {[%emt 00:00:09]} Kc5 {[%clk 00:03:40]} {[%emt 00:01:32]}
79. e8=Q {[%clk 00:23:34]} {[%emt 00:00:11]} Rd6+ {[%clk 00:03:19]} {[%emt
00:00:51]} 80. Kf5 {[%clk 00:23:54]} {[%emt 00:00:10]} Kd5 {[%emt 00:00:13]}
1-0